| 000 | 00556nam a2200193Ia 4500 | ||
|---|---|---|---|
| 005 | 20250923145324.0 | ||
| 008 | 008 250917s9999 xx 000 0 eng d | ||
| 037 | _aTextual | ||
| 040 |
_aDSWL _beng _cDSWL |
||
| 041 |
_aeng _2eng |
||
| 084 |
_aX:9n2,N47, N75 _qDSWL |
||
| 245 | 4 |
_aThe Indian labour Year book 1971 _c by Labour Bureau |
|
| 260 |
_aDelhi _bThe Controller of Publications _c1975 |
||
| 300 | _a333 p. | ||
| 365 |
_aINR _b61 . 50 |
||
| 925 | _g61 . 50 | ||
| 942 |
_cTEXL _hX:9n2,N47, N75 |
||
| 999 |
_c1449954 _d1449954 |
||